|
|
|
|
| LEADER |
00000nab a2200000 a 4500 |
| 001 |
vtls000705564 |
| 003 |
SK-MaSNL |
| 005 |
20260303171233.0 |
| 008 |
040806c1997 xo 0 cze |
| 015 |
|
|
|a SNBRA1999/10-23240
|
| 035 |
|
|
|a CLN000057731
|
| 040 |
|
|
|a SNKBUCL
|b slo
|c SNKBUCL
|e AACR2
|
| 041 |
0 |
|
|a slo
|
| 044 |
|
|
|a xo
|c SK
|
| 080 |
|
|
|a 556.53(437.6)
|2 UDC-MRF-SK2
|
| 100 |
1 |
|
|a David, Stanislav,
|d 1953-
|4 aut
|9 16035
|
| 245 |
1 |
0 |
|a Výzkum inundance Ipľu jako příklad aktivity občanského sdružení Ipeľská únie
|c Stanislav David
|
| 504 |
|
|
|a Res. angl.
|
| 504 |
|
|
|a Bibliogr. odkazy
|
| 610 |
2 |
7 |
|a Ipeľská únia (Šahy, Slovensko)
|2 snkbucl
|9 1054121
|
| 651 |
|
7 |
|a Ipeľ (Slovensko a Maďarsko : rieka)
|2 snkbucl
|9 17591
|
| 655 |
|
7 |
|a články zo zborníkov
|2 snkbucl
|9 166140
|
| 773 |
0 |
|
|w SK01SNK19980288177
|z 808885010X
|t Starostlivosť o mokrade na Slovensku
|d Banská Bystrica : Slovenská agentúra životného prostredia, 1997
|g S. 157-161
|
| 850 |
|
|
|a Slovenská národná knižnica v Martine
|
| 852 |
|
|
|a SNK
|b KIS3GCP
|
| 999 |
|
|
|c 2080455
|d 2082385
|